书目信息 |
| 题名: |
Visual C++6.0全攻略宝典
|
|
| 作者: | 倪丽娜 , 赵茂先 , 张秀娟 编著 | |
| 分册: | ||
| 出版信息: | 北京 中国水利水电出版社 2000.06 |
|
| 页数: | 514页 | |
| 开本: | 16开 | |
| 丛书名: | ||
| 单 册: | ||
| 中图分类: | TP312 | |
| 科图分类: | ||
| 主题词: | 软件 | |
| 电子资源: | ||
| ISBN: | 7-5084-0374-6 | |
| 000 | 00664nam0 2200217 45 | |
| 001 | 0011172081 | |
| 005 | 20001117200515.4 | |
| 010 | @a7-5084-0374-6@d50.00元 | |
| 100 | @a20001117d2000 km y0chiy0120 ea | |
| 101 | 0 | @achi |
| 105 | @a z 000yy | |
| 200 | 1 | @aVisual C++6.0全攻略宝典@AVisual C++6.0 Quan Gong Lue Bao Dian@f倪丽娜,赵茂先,张秀娟编著@FNi Li Na,Zhao Mao Xian,Zhang Xiu Juan Bian Zhu |
| 210 | @a北京@c中国水利水电出版社@d2000.06 | |
| 215 | @a514页@d16开 | |
| 606 | 0 | @a软件 |
| 690 | @aTP312@v3 | |
| 701 | 0 | @a倪丽娜@4编著 |
| 701 | 0 | @a赵茂先@4编著 |
| 701 | 0 | @a张秀娟@4编著 |
| 801 | @aCN@bPftUser@c20001117 | |
| 905 | @b412306-308@dTP312@eN557@f3 | |
| Visual C++6.0全攻略宝典/倪丽娜,赵茂先,张秀娟编著.-北京:中国水利水电出版社,2000.06 |
| 514页;16开 |
| ISBN 7-5084-0374-6:50.00元 |
| ● |
| 相关链接 |
|
|
|
正题名:Visual C++6.0全攻略宝典
索取号:TP312/N557
 
预约/预借
| 序号 | 登录号 | 条形码 | 馆藏地/架位号 | 状态 | 备注 |
| 1 | 412306 | 204123064 | 期刊室512/301自科库 75排2列1层/ [索取号:TP312/N557] | 在馆 | |
| 2 | 412307 | 204123073 | 自科库301/ [索取号:TP312/N557] | 在馆 | |
| 3 | 412308 | 204123082 | 自科二线400A/400A自科库 4排1列6层/ [索取号:TP312/N557] | 在馆 |